[Event "HUN-chT2 Barcza 1819"]
[Site "Hungary"]
[Date "2018.11.18"]
[Round "4.2"]
[White "Radai, Zoltan Mate"]
[Black "Ujhelyi, Andras"]
[Result "1/2-1/2"]
[WhiteElo "2010"]
[BlackElo "2046"]
[PlyCount "67"]
[EventDate "2018.09.23"]
[EventType "team-tourn"]
[EventRounds "11"]
[EventCountry "HUN"]
[SourceTitle "CBM 189 Extra"]
[Source "ChessBase"]
[SourceDate "2019.06.03"]
[SourceVersion "1"]
[SourceVersionDate "2019.06.03"]
[SourceQuality "1"]
[WhiteTeam "Tiszavasvar"]
[BlackTeam "Nyiregyhaza"]
[WhiteTeamCountry "HUN"]
[BlackTeamCountry "HUN"]

1. e4 c5 2. Nc3 Nc6 3. g3 g6 4. d3 Bg7 5. Be3 d6 6. Qd2 Rb8 7. Bg2 b5 8. Nge2 b4 9. Nd1 h5 10. 0-0 h4 11. f4 hxg3 12. hxg3 Bh3 13. Bxh3 Rxh3 14. Nf2 Rh7 15. d4 cxd4 16. Nxd4 Nxd4 17. Bxd4 Bxd4 18. Qxd4 Qa5 19. Kg2 Qb6 20. Qd3 Kf8 21. c3 bxc3 22. bxc3 Rc8 23. Rab1 Qa5 24. Rb3 Qxa2 25. Rfb1 Rh5 26. f5 gxf5 27. exf5 Nf6 28. Kf3 Rh2 29. R1b2 Qa5 30. c4 Qc7 31. Rc2 Qc6+ 32. Kf4 Qc5 33. Kf3 Qc6+ 34. Kf4 1/2-1/2

[Event "HUN-chT2 Barcza 1718"]
[Site "Hungary"]
[Date "2018.03.04"]
[Round "9.2"]
[White "Radai, Zoltan Mate"]
[Black "Kanyadi, Zoltan"]
[Result "1/2-1/2"]
[WhiteElo "1981"]
[BlackElo "2103"]
[PlyCount "89"]
[EventDate "2017.09.24"]
[EventType "team-tourn"]
[EventRounds "11"]
[EventCountry "HUN"]
[SourceTitle "EXT 2021"]
[Source "ChessBase"]
[SourceDate "2020.10.23"]
[SourceVersion "1"]
[SourceVersionDate "2020.10.23"]
[SourceQuality "1"]
[WhiteTeam "Tiszavasvar"]
[BlackTeam "Debrecen Sakkbaratok"]
[WhiteTeamCountry "HUN"]
[BlackTeamCountry "HUN"]

1. d4 Nf6 2. Nf3 g6 3. c4 Bg7 4. Nc3 d6 5. e4 0-0 6. Be2 e5 7. 0-0 Nc6 8. d5 Ne7 9. Bg5 h6 10. Bxf6 Bxf6 11. b4 a5 12. a3 c5 13. bxc5 dxc5 14. Rb1 Ra6 15. Nd2 Bg7 16. Rb2 f5 17. Bf3 Kh8 18. Qe2 g5 19. exf5 Nxf5 20. Bg4 Nd4 21. Qd1 Rb6 22. Rxb6 Qxb6 23. Bxc8 Rxc8 24. Qb1 Qa6 25. Qb2 e4 26. Kh1 Ne2 27. Ndxe4 Nxc3 28. Nxc3 Qxc4 29. Rc1 Qxd5 30. Nxd5 Bxb2 31. Rb1 Bxa3 32. Rxb7 Rd8 33. Ne3 Bc1 34. h3 Bxe3 35. fxe3 Rd1+ 36. Kh2 Rd3 37. Rc7 Rxe3 38. Rxc5 a4 39. Ra5 a3 40. Ra6 Kg7 41. Ra7+ Kg6 42. Ra6+ Kg7 43. Ra7+ Kf8 44. Ra6 Kg7 45. Ra7+ 1/2-1/2

[Event "HUN-chT2 Barcza 1718"]
[Site "Hungary"]
[Date "2018.02.18"]
[Round "8.2"]
[White "Kiss, Pal"]
[Black "Radai, Zoltan Mate"]
[Result "1-0"]
[WhiteElo "2275"]
[BlackElo "1981"]
[PlyCount "53"]
[EventDate "2017.09.24"]
[EventType "team-tourn"]
[EventRounds "11"]
[EventCountry "HUN"]
[SourceTitle "EXT 2021"]
[Source "ChessBase"]
[SourceDate "2020.10.23"]
[SourceVersion "1"]
[SourceVersionDate "2020.10.23"]
[SourceQuality "1"]
[WhiteTeam "Lillafured DVTK II"]
[BlackTeam "Tiszavasvar"]
[WhiteTeamCountry "HUN"]
[BlackTeamCountry "HUN"]

1. d4 Nf6 2. c4 e6 3. Nf3 b6 4. g3 Ba6 5. b3 Bb4+ 6. Bd2 Be7 7. Bg2 d5 8. cxd5 exd5 9. Nc3 0-0 10. 0-0 c5 11. Bf4 Nc6 12. dxc5 bxc5 13. Ne5 Nxe5 14. Bxe5 Bb7 15. Bxf6 Bxf6 16. Rc1 Bxc3 17. Rxc3 Qd6 18. Qc2 Rac8 19. Rc1 Ba6 20. Rxc5 Rxc5 21. Qxc5 Qxc5 22. Rxc5 d4 23. Bf3 Rd8 24. Rc7 d3 25. exd3 Bxd3 26. Rxa7 g6 27. Ra8 1-0

[Event "HUN-chT2 Barcza 1718"]
[Site "Hungary"]
[Date "2017.12.17"]
[Round "6.3"]
[White "Radai, Zoltan Mate"]
[Black "Vodila, Martin Botond"]
[Result "0-1"]
[WhiteElo "1981"]
[BlackElo "2150"]
[PlyCount "52"]
[EventDate "2017.09.24"]
[EventType "team-tourn"]
[EventRounds "11"]
[EventCountry "HUN"]
[SourceTitle "EXT 2021"]
[Source "ChessBase"]
[SourceDate "2020.10.23"]
[SourceVersion "1"]
[SourceVersionDate "2020.10.23"]
[SourceQuality "1"]
[WhiteTeam "Tiszavasvar"]
[BlackTeam "Edeleny"]
[WhiteTeamCountry "HUN"]
[BlackTeamCountry "HUN"]

1. d4 Nf6 2. c4 g6 3. Nc3 d5 4. cxd5 Nxd5 5. g3 Bg7 6. Bg2 Nxc3 7. bxc3 0-0 8. e3 c6 9. Ne2 Nd7 10. f4 Nb6 11. 0-0 Be6 12. e4 Bc4 13. Be3 f5 14. g4 fxe4 15. Bxe4 Qd7 16. f5 Nd5 17. Bd2 Rad8 18. h3 Qd6 19. Rf2 gxf5 20. gxf5 e6 21. Kg2 exf5 22. Bxf5 Ne7 23. Ng3 Nxf5 24. Rxf5 Bd5+ 25. Kf2 Rxf5+ 26. Nxf5 Qh2+ 0-1

[Event "HUN-chT2 Barcza 1718"]
[Site "Hungary"]
[Date "2017.10.08"]
[Round "2.2"]
[White "Istvanovszky, Kalman"]
[Black "Radai, Zoltan Mate"]
[Result "1-0"]
[WhiteElo "2221"]
[BlackElo "1981"]
[PlyCount "97"]
[EventDate "2017.09.24"]
[EventType "team-tourn"]
[EventRounds "11"]
[EventCountry "HUN"]
[SourceTitle "EXT 2021"]
[Source "ChessBase"]
[SourceDate "2020.10.23"]
[SourceVersion "1"]
[SourceVersionDate "2020.10.23"]
[SourceQuality "1"]
[WhiteTeam "Debrecen Sakkiskola II"]
[BlackTeam "Tiszavasvar"]
[WhiteTeamCountry "HUN"]
[BlackTeamCountry "HUN"]

1. e4 c5 2. Nf3 e6 3. d4 cxd4 4. Nxd4 Nc6 5. Nc3 Qc7 6. Be2 a6 7. a4 Nf6 8. 0-0 Bb4 9. Qd3 0-0 10. Bg5 Bxc3 11. bxc3 Qe5 12. Nf3 Qxe4 13. Qd2 Ne5 14. Bxf6 gxf6 15. Rab1 a5 16. Nd4 Qg6 17. f4 Qh6 18. c4 f5 19. Rb3 Ng6 20. Rh3 Qg7 21. Rg3 Qf6 22. c5 b6 23. cxb6 Ba6 24. Nf3 Bxe2 25. Qxe2 Kh8 26. Ne5 Qe7 27. Qb5 Nxe5 28. Qxe5+ f6 29. Qb5 Qb4 30. Rb3 Qd4+ 31. Kh1 Rg8 32. Qd3 Qc5 33. Rb5 Qc6 34. Rf2 Rab8 35. Qd4 Rg6 36. c4 Rbg8 37. Rbb2 Qxa4 38. h3 Qa1+ 39. Kh2 Qa3 40. Rf3 Qa1 41. Qc3 Qa4 42. b7 Rb8 43. c5 Kg7 44. Qd2 Kf7 45. Rd3 Ke7 46. Rd6 Rgg8 47. c6 dxc6 48. Rd7+ Ke8 49. Qd6 1-0

[Event "HUN-chT2 Barcza 1617"]
[Site "Hungary"]
[Date "2017.01.29"]
[Round "7.4"]
[White "Szurovszky, Elek"]
[Black "Radai, Zoltan Mate"]
[Result "1-0"]
[WhiteElo "2055"]
[BlackElo "1969"]
[PlyCount "69"]
[EventDate "2016.09.25"]
[EventType "team-tourn"]
[EventRounds "11"]
[EventCountry "HUN"]
[SourceTitle "EXT 2021"]
[Source "ChessBase"]
[SourceDate "2020.10.23"]
[SourceVersion "1"]
[SourceVersionDate "2020.10.23"]
[SourceQuality "1"]
[WhiteTeam "Miskolc Kisbocsok"]
[BlackTeam "Tiszavasvar"]
[WhiteTeamCountry "HUN"]
[BlackTeamCountry "HUN"]

1. e4 c5 2. Nf3 e6 3. d4 cxd4 4. Nxd4 a6 5. c4 Nf6 6. Nc3 Bb4 7. Bd3 Qc7 8. 0-0 0-0 9. Bg5 Be7 10. Bh4 Nc6 11. Bg3 d6 12. Nxc6 bxc6 13. Rc1 Nd7 14. Qh5 g6 15. Qe2 Bf6 16. f4 Rb8 17. b3 Bb7 18. Kh1 Rbe8 19. e5 dxe5 20. Ne4 Bh8 21. fxe5 Bxe5 22. Nf6+ Kg7 23. Nxd7 Bxg3 24. Nxf8 Bf4 25. Rxf4 Qxf4 26. Rf1 Qc7 27. Qb2+ e5 28. Nxh7 Kxh7 29. Qf2 Kg8 30. Qg3 Re6 31. c5 a5 32. Bc4 Re7 33. Qxg6+ Kf8 34. Qh7 Ke8 35. Bxf7+ 1-0

[Event "HUN-chT U18"]
[Site "Hajduboszormeny"]
[Date "2016.11.05"]
[Round "6.33"]
[White "Radai, Zoltan Mate"]
[Black "Werner, Anna"]
[Result "1/2-1/2"]
[WhiteElo "1972"]
[BlackElo "1913"]
[PlyCount "75"]
[EventDate "2016.11.02"]
[EventType "team-swiss"]
[EventRounds "8"]
[EventCountry "HUN"]
[SourceTitle "CBM 175 Extra"]
[Source "ChessBase"]
[SourceDate "2016.12.12"]
[SourceVersion "1"]
[SourceVersionDate "2016.12.12"]
[SourceQuality "1"]

1. d4 d5 2. c4 c6 3. Nf3 Nf6 4. Nc3 e6 5. g3 Nbd7 6. Bg2 Bd6 7. 0-0 0-0 8. Nd2 Bb4 9. e4 Bxc3 10. bxc3 Qa5 11. Qc2 dxe4 12. Nxe4 Nxe4 13. Bxe4 Nf6 14. Bd3 e5 15. Bd2 Bh3 16. Rfe1 Rae8 17. Bf5 Bxf5 18. Qxf5 Qd8 19. Rxe5 Rxe5 20. Qxe5 Re8 21. Qf4 Re4 22. Qf3 Qe8 23. Be3 Qe6 24. Rb1 b6 25. Qe2 Ng4 26. Re1 h5 27. Qd3 h4 28. d5 Qf5 29. dxc6 Ne5 30. Qd8+ Kh7 31. Kf1 Nxc6 32. Qd5 Ne5 33. f4 Qh3+ 34. Ke2 Qg2+ 35. Kd1 Nxc4 36. Qf5+ Kg8 37. Qc8+ Kh7 38. Qf5+ 1/2-1/2

[Event "HUN-ch U18"]
[Site "Balatonlelle"]
[Date "2016.06.28"]
[Round "5"]
[White "Varga, Richard"]
[Black "Radai, Zoltan Mate"]
[Result "1-0"]
[WhiteElo "1953"]
[BlackElo "2003"]
[PlyCount "95"]
[EventDate "2016.06.24"]
[EventType "swiss"]
[EventRounds "7"]
[EventCountry "HUN"]
[SourceTitle "CBM 173 Extra"]
[Source "ChessBase"]
[SourceDate "2016.08.29"]
[SourceVersion "1"]
[SourceVersionDate "2016.08.29"]
[SourceQuality "1"]

1. e4 c5 2. Nf3 e6 3. d4 cxd4 4. Nxd4 a6 5. Bd3 Qc7 6. c4 Nf6 7. 0-0 Nc6 8. Nxc6 bxc6 9. Nc3 Be7 10. Qe2 e5 11. Kh1 0-0 12. f4 d6 13. h3 exf4 14. Bxf4 Nd7 15. Rac1 Ne5 16. Bb1 Rb8 17. Nd1 a5 18. Ne3 Rd8 19. Qf2 Be6 20. Rfd1 Ng6 21. Bg3 Qb7 22. c5 dxc5 23. Bxb8 Rxd1+ 24. Rxd1 Qxb8 25. Nf5 Bf6 26. Qxc5 Qxb2 27. Qxa5 h6 28. Qa8+ Kh7 29. Qxc6 Bxa2 30. Bxa2 Qxa2 31. Qd5 Qe2 32. Qd3 Qb2 33. Qd2 Qe5 34. Re1 Qb5 35. Nd6 Qd7 36. Qd5 Ne5 37. Rb1 Qc7 38. Rf1 Qe7 39. Rf5 Kg6 40. Kh2 Nd7 41. Nc4 Qe8 42. h4 Qb8+ 43. Kh3 Nb6 44. Qb5 Bd4 45. g4 Bg1 46. Ne5+ Kh7 47. Nf3 Be3 48. Rxf7 1-0

[Event "Heviz op 12th"]
[Site "Heviz"]
[Date "2016.04.13"]
[Round "8"]
[White "Peczely, Sebastian Zsombor"]
[Black "Radai, Zoltan Mate"]
[Result "1-0"]
[WhiteElo "2256"]
[BlackElo "1979"]
[PlyCount "65"]
[EventDate "2016.04.06"]
[EventType "swiss"]
[EventRounds "9"]
[EventCountry "HUN"]
[SourceTitle "CBM 171 Extra"]
[Source "ChessBase"]
[SourceDate "2016.04.26"]
[SourceVersion "1"]
[SourceVersionDate "2016.04.26"]
[SourceQuality "1"]

1. e4 c6 2. c4 d5 3. exd5 cxd5 4. d4 Nf6 5. Nc3 e6 6. Nf3 Be7 7. Bd3 dxc4 8. Bxc4 0-0 9. 0-0 Nbd7 10. Re1 Nb6 11. Bb3 Nbd5 12. a3 b6 13. Qd3 Bb7 14. Bc2 Rc8 15. Bg5 g6 16. Bh6 Re8 17. Ne5 Nxc3 18. bxc3 Be4 19. Rxe4 Nxe4 20. Qxe4 Bf8 21. Bd2 Bg7 22. Ba4 Rf8 23. Nc6 Qc7 24. Bf4 Qb7 25. Bd6 Rfe8 26. c4 Bf8 27. Bxf8 Kxf8 28. Qf3 Kg7 29. h4 Rg8 30. d5 exd5 31. cxd5 Qc7 32. Qc3+ f6 33. Qb4 1-0

[Event "HUN-chT2 Barcza 1516"]
[Site "Hungary"]
[Date "2015.10.18"]
[Round "3.5"]
[White "Magi, Tibor"]
[Black "Radai, Zoltan Mate"]
[Result "0-1"]
[WhiteElo "1910"]
[BlackElo "2011"]
[PlyCount "106"]
[EventDate "2015.09.13"]
[EventType "team-tourn"]
[EventRounds "11"]
[EventCountry "HUN"]
[SourceTitle "CBM 170 Extra"]
[Source "ChessBase"]
[SourceDate "2016.02.25"]
[SourceVersion "1"]
[SourceVersionDate "2016.02.25"]
[SourceQuality "1"]
[WhiteTeam "Nadudvar"]
[BlackTeam "Tiszavasvar"]
[WhiteTeamCountry "HUN"]
[BlackTeamCountry "HUN"]

1. c4 g6 2. Nc3 Bg7 3. d4 Nf6 4. e4 d6 5. f3 0-0 6. Be3 e5 7. d5 Nh5 8. g4 Nf4 9. Qd2 Qh4+ 10. Bf2 Qe7 11. Nge2 Nxe2 12. Bxe2 f5 13. gxf5 gxf5 14. Rg1 Kh8 15. 0-0-0 f4 16. Kb1 a6 17. Qc2 Nd7 18. Na4 b6 19. Rg2 Nf6 20. Rdg1 Rg8 21. Bh4 Bh3 22. Rf2 Qf7 23. Bf1 Bd7 24. Bxf6 Bxf6 25. Rfg2 Rxg2 26. Rxg2 Rg8 27. Nc3 a5 28. a3 Rxg2 29. Qxg2 Qg7 30. Kc2 Qxg2+ 31. Bxg2 Kg7 32. Ne2 Bh4 33. Kd2 Bf2 34. b4 axb4 35. axb4 Kg6 36. Nc3 Bg1 37. h3 Kg5 38. Ke2 Bd4 39. Nb1 Kh4 40. Na3 Kg3 41. Bf1 Bb2 42. Nb1 h5 43. Kd3 h4 44. Nd2 Bxh3 45. Bxh3 Kxh3 46. c5 bxc5 47. bxc5 Bd4 48. cxd6 cxd6 49. Nc4 Kg2 50. Nxd6 h3 51. Nc4 h2 52. d6 h1Q 53. d7 Qh8 0-1

[Event "HUN-chT2 Barcza 1516"]
[Site "Hungary"]
[Date "2015.10.04"]
[Round "2.4"]
[White "Kovacs, Marton"]
[Black "Radai, Zoltan Mate"]
[Result "1-0"]
[WhiteElo "2141"]
[BlackElo "2011"]
[PlyCount "55"]
[EventDate "2015.09.13"]
[EventType "team-tourn"]
[EventRounds "11"]
[EventCountry "HUN"]
[SourceTitle "CBM 170 Extra"]
[Source "ChessBase"]
[SourceDate "2016.02.25"]
[SourceVersion "1"]
[SourceVersionDate "2016.02.25"]
[SourceQuality "1"]
[WhiteTeam "Hajduboszormeny"]
[BlackTeam "Tiszavasvar"]
[WhiteTeamCountry "HUN"]
[BlackTeamCountry "HUN"]

1. d4 Nf6 2. Nf3 g6 3. Bf4 Bg7 4. Nc3 d6 5. Qd2 0-0 6. Bh6 Qe8 7. h4 Bg4 8. Nh2 Bf5 9. 0-0-0 e5 10. d5 Qe7 11. Bg5 Na6 12. e4 Bd7 13. Bxa6 bxa6 14. f3 Rab8 15. Ng4 Rb7 16. h5 Rfb8 17. b3 Bxg4 18. fxg4 Qd7 19. Bxf6 Bxf6 20. Rdf1 Qe7 21. Kb2 Bg5 22. Qd3 a5 23. Rh3 Rb4 24. Rhf3 Rf8 25. hxg6 hxg6 26. Rh3 Bf6 27. Rfh1 Bg7 28. Rh8+ 1-0

[Event "HUN-chT2 Barcza 1516"]
[Site "Hungary"]
[Date "2015.09.13"]
[Round "1.5"]
[White "Nagy, Kalman"]
[Black "Radai, Zoltan Mate"]
[Result "0-1"]
[WhiteElo "2053"]
[BlackElo "1939"]
[PlyCount "98"]
[EventDate "2015.09.13"]
[EventType "team-tourn"]
[EventRounds "11"]
[EventCountry "HUN"]
[SourceTitle "CBM 170 Extra"]
[Source "ChessBase"]
[SourceDate "2016.02.25"]
[SourceVersion "1"]
[SourceVersionDate "2016.02.25"]
[SourceQuality "1"]
[WhiteTeam "SSASSE"]
[BlackTeam "Tiszavasvar"]
[WhiteTeamCountry "HUN"]
[BlackTeamCountry "HUN"]

1. e4 c5 2. Nc3 Nc6 3. g3 g6 4. Bg2 Bg7 5. Nge2 e6 6. d3 Nge7 7. Be3 d6 8. Qd2 0-0 9. Bh6 Nd4 10. Bxg7 Kxg7 11. Nxd4 cxd4 12. Ne2 e5 13. h4 h5 14. Bf3 Be6 15. 0-0-0 Qd7 16. Kb1 Qa4 17. Nc1 Rac8 18. Rdg1 Rc5 19. Nb3 Rc6 20. Nc1 Rfc8 21. b3 Qa6 22. Bd1 Qa3 23. Be2 Ra6 24. g4 Nc6 25. c4 dxc3 26. Qxc3 Nd4 27. Qb2 Qxb2+ 28. Kxb2 Nxe2 29. Nxe2 Bxg4 30. Nc3 Rac6 31. Rc1 Kh6 32. Rhg1 Be6 33. Rg3 f6 34. Ne2 Rxc1 35. Nxc1 g5 36. hxg5+ fxg5 37. Ne2 Rf8 38. Rg2 h4 39. Rh2 Rf3 40. d4 Rh3 41. Rg2 Rh1 42. dxe5 dxe5 43. Ng1 h3 44. Rg3 h2 45. Nf3 Rb1+ 46. Kxb1 h1Q+ 47. Kb2 Qd1 48. Nxg5 Qd2+ 49. Kb1 Qxg5 0-1

[Event "HUN-ch U18"]
[Site "Balatonlelle"]
[Date "2015.06.21"]
[Round "4"]
[White "Berta, Sandor Martin"]
[Black "Radai, Zoltan Mate"]
[Result "1-0"]
[WhiteElo "2217"]
[BlackElo "1911"]
[PlyCount "63"]
[EventDate "2015.06.18"]
[EventType "swiss"]
[EventRounds "7"]
[EventCountry "HUN"]
[SourceTitle "CBM 167 Extra"]
[Source "ChessBase"]
[SourceDate "2015.09.14"]
[SourceVersion "1"]
[SourceVersionDate "2015.09.14"]
[SourceQuality "1"]

1. Nf3 d5 2. g3 g6 3. Bg2 Bg7 4. d4 Nf6 5. 0-0 0-0 6. c4 c6 7. b3 Bf5 8. Bb2 Nbd7 9. Nc3 Ne4 10. Nxe4 Bxe4 11. Bh3 Bxf3 12. exf3 dxc4 13. bxc4 c5 14. Qb3 cxd4 15. Qb5 Nb6 16. Rfd1 e5 17. f4 exf4 18. c5 Qd5 19. Rac1 fxg3 20. hxg3 Qh5 21. Bg2 Rfd8 22. Bxb7 Rab8 23. Qa6 Na4 24. Qxa4 Rxb7 25. Ba3 Qd5 26. Re1 Rbb8 27. c6 Rbc8 28. c7 Rd7 29. Rc5 Qd6 30. Rce5 Qxc7 31. Re8+ Bf8 32. Bxf8 1-0

[Event "HUN-chT2 Barcza 1415"]
[Site "Hungary"]
[Date "2015.03.07"]
[Round "?"]
[White "Horvath, Kristof"]
[Black "Radai, Zoltan Mate"]
[Result "1/2-1/2"]
[WhiteElo "1973"]
[BlackElo "1738"]
[PlyCount "79"]
[EventDate "2014.09.07"]
[EventType "team-tourn"]
[EventRounds "11"]
[EventCountry "HUN"]
[SourceTitle "EXT 2016"]
[Source "ChessBase"]
[SourceDate "2015.10.08"]
[SourceVersion "1"]
[SourceVersionDate "2015.10.08"]
[SourceQuality "1"]
[WhiteTeam "Miskolc Sakkiskola"]
[BlackTeam "Piremon"]
[WhiteTeamCountry "HUN"]
[BlackTeamCountry "HUN"]

1. e4 c5 2. c3 Nf6 3. e5 Nd5 4. d4 cxd4 5. Qxd4 Nb6 6. Nf3 Nc6 7. Qe4 d6 8. Bb5 d5 9. Qf4 Qd7 10. 0-0 Qg4 11. Qe3 Bd7 12. Nbd2 g6 13. Be2 Qh5 14. Ng5 Bg4 15. f3 Bh6 16. fxg4 Qxg5 17. Qxg5 Bxg5 18. Nf3 Bxc1 19. Raxc1 0-0 20. Rce1 Rad8 21. Bb5 e6 22. Rf2 a6 23. Bxc6 bxc6 24. Ref1 h6 25. b3 c5 26. Rd2 Rd7 27. Rfd1 a5 28. Kf2 Rb8 29. a3 Nc8 30. Rb1 Rdb7 31. Rdb2 Ne7 32. Ke3 Nc6 33. Kd3 Kg7 34. Kc2 f6 35. exf6+ Kxf6 36. Rf1 Kg7 37. Re1 Kf6 38. Rf1 Kg7 39. Re1 Kf6 40. Rf1 1/2-1/2

[Event "HUN-chT2 Barcza 1415"]
[Site "Hungary"]
[Date "2014.11.30"]
[Round "?"]
[White "Darai, Tihamer"]
[Black "Radai, Zoltan Mate"]
[Result "0-1"]
[WhiteElo "1860"]
[BlackElo "1738"]
[PlyCount "46"]
[EventDate "2014.09.07"]
[EventType "team-tourn"]
[EventRounds "11"]
[EventCountry "HUN"]
[SourceTitle "EXT 2016"]
[Source "ChessBase"]
[SourceDate "2015.10.08"]
[SourceVersion "1"]
[SourceVersionDate "2015.10.08"]
[SourceQuality "1"]
[WhiteTeam "Nyiregyhaza"]
[BlackTeam "Piremon"]
[WhiteTeamCountry "HUN"]
[BlackTeamCountry "HUN"]

1. e4 c5 2. Nf3 e6 3. d4 cxd4 4. Nxd4 a6 5. c4 Nf6 6. Bd3 Qc7 7. Nc3 Nc6 8. Nxc6 bxc6 9. Be3 Be7 10. 0-0 0-0 11. f4 d6 12. c5 dxc5 13. e5 Nd5 14. Qh5 g6 15. Nxd5 cxd5 16. Qh6 Rd8 17. Rf3 Bf8 18. Qh4 Qe7 19. Qg4 c4 20. Bc2 d4 21. Be4 Rb8 22. Bc1 d3 23. f5 exf5 0-1

[Event "HUN-chT2 Barcza 1415"]
[Site "Hungary"]
[Date "2014.11.16"]
[Round "?"]
[White "Radai, Zoltan Mate"]
[Black "Szabo, Laszlo1111"]
[Result "1-0"]
[WhiteElo "1738"]
[BlackElo "1860"]
[PlyCount "119"]
[EventDate "2014.09.07"]
[EventType "team-tourn"]
[EventRounds "11"]
[EventCountry "HUN"]
[SourceTitle "EXT 2016"]
[Source "ChessBase"]
[SourceDate "2015.10.08"]
[SourceVersion "1"]
[SourceVersionDate "2015.10.08"]
[SourceQuality "1"]
[WhiteTeam "Piremon"]
[BlackTeam "Kazincbarcika"]
[WhiteTeamCountry "HUN"]
[BlackTeamCountry "HUN"]

1. d4 d5 2. Nf3 c6 3. g3 Nf6 4. Bg2 Bg4 5. Ne5 Bf5 6. 0-0 Nbd7 7. Bf4 Nh5 8. Bd2 Nxe5 9. dxe5 Qd7 10. e4 Bg4 11. e6 Qxe6 12. f3 Bh3 13. exd5 cxd5 14. Re1 Qd7 15. Bxh3 Qxh3 16. c4 Qd7 17. cxd5 Qxd5 18. Nc3 Qd7 19. Be3 Qxd1 20. Raxd1 a6 21. Nd5 Rc8 22. Bb6 f5 23. Rc1 Kd7 24. Nc7 e5 25. Rxe5 Bd6 26. Rd5 Rhf8 27. Bc5 Rf6 28. Rxd6+ Rxd6 29. Bxd6 Nf6 30. Bf4 h6 31. Rd1+ Ke7 32. Nd5+ Nxd5 33. Rxd5 Ke6 34. Rd6+ Ke7 35. Rb6 g5 36. Rxb7+ Ke6 37. Rb6+ Kf7 38. Be3 Rc2 39. a3 Re2 40. Bd4 Re6 41. Rxe6 Kxe6 42. Kf2 h5 43. h3 Kd5 44. Be3 g4 45. fxg4 fxg4 46. h4 Kc4 47. Bd2 Kd4 48. Bc3+ Kd3 49. Bh8 Kd2 50. b4 Kd3 51. a4 Kc4 52. Bc3 Kd5 53. Ke3 Kc4 54. Kf4 Kd5 55. Kg5 Kc4 56. Kxh5 Kd5 57. Kxg4 Kc4 58. h5 Kd5 59. h6 Kc4 60. h7 1-0

[Event "HUN-chT2 Barcza 1415"]
[Site "Hungary"]
[Date "2014.10.12"]
[Round "3"]
[White "Radai, Zoltan Mate"]
[Black "Kiripolszky, Tamas"]
[Result "1/2-1/2"]
[WhiteElo "1738"]
[BlackElo "1918"]
[PlyCount "38"]
[EventDate "2014.09.07"]
[EventType "team-tourn"]
[EventRounds "11"]
[EventCountry "HUN"]
[SourceTitle "EXT 2016"]
[Source "ChessBase"]
[SourceDate "2015.10.08"]
[SourceVersion "1"]
[SourceVersionDate "2015.10.08"]
[SourceQuality "1"]
[WhiteTeam "Piremon"]
[BlackTeam "Hajduszoboszlo"]
[WhiteTeamCountry "HUN"]
[BlackTeamCountry "HUN"]

1. d4 d5 2. Nf3 Nf6 3. c4 dxc4 4. g3 c6 5. Bg2 e6 6. 0-0 Be7 7. Qc2 0-0 8. Qxc4 Nbd7 9. Nc3 Re8 10. e4 Nb6 11. Qe2 Bd7 12. e5 Nfd5 13. Ne4 f5 14. exf6 Nxf6 15. Neg5 h6 16. Nxe6 Qc8 17. Nf4 Bd6 18. Ne5 Bf5 19. Nfd3 Bxd3 1/2-1/2

[Event "HUN-ch U16"]
[Site "Balatonlelle"]
[Date "2014.06.25"]
[Round "6"]
[White "Radai, Zoltan Mate"]
[Black "Mengyan, Marton"]
[Result "1-0"]
[WhiteElo "1679"]
[BlackElo "1638"]
[PlyCount "65"]
[EventDate "2014.06.20"]
[EventType "swiss"]
[EventRounds "9"]
[EventCountry "HUN"]
[SourceTitle "EXT 2024"]
[Source "ChessBase"]
[SourceDate "2023.10.10"]
[SourceVersion "1"]
[SourceVersionDate "2023.10.10"]
[SourceQuality "1"]

1. e4 c5 2. Nf3 d6 3. Bc4 Nf6 4. Qe2 e6 5. Bb3 Qc7 6. 0-0 b6 7. d3 Be7 8. c3 Bb7 9. Rd1 Nbd7 10. Nbd2 0-0 11. h3 h6 12. Nf1 Kh8 13. Ng3 d5 14. e5 Ng8 15. d4 c4 16. Bc2 b5 17. Bd2 Rfb8 18. Nh2 Nf8 19. Rf1 Bc8 20. Nh5 b4 21. g4 bxc3 22. bxc3 Rb2 23. Bc1 Rb7 24. f4 g6 25. Ng3 Bh4 26. Qf3 Bxg3 27. Qxg3 Qd8 28. Ba3 a5 29. Rae1 f6 30. Qh4 g5 31. fxg5 fxg5 32. Qg3 Nh7 33. Re3 1-0

[Event "HUN-ch U16"]
[Site "Balatonlelle"]
[Date "2014.06.24"]
[Round "5"]
[White "Benedeczky, Lehel"]
[Black "Radai, Zoltan Mate"]
[Result "1-0"]
[WhiteElo "2005"]
[BlackElo "1679"]
[PlyCount "51"]
[EventDate "2014.06.20"]
[EventType "swiss"]
[EventRounds "9"]
[EventCountry "HUN"]
[SourceTitle "EXT 2024"]
[Source "ChessBase"]
[SourceDate "2023.10.10"]
[SourceVersion "1"]
[SourceVersionDate "2023.10.10"]
[SourceQuality "1"]

1. d4 Nf6 2. c4 e6 3. Nf3 b6 4. g3 Bb7 5. Bg2 Be7 6. Nc3 0-0 7. Qc2 Na6 8. 0-0 d6 9. Rd1 Qc8 10. e4 Rd8 11. Bg5 Qd7 12. a3 Qe8 13. b4 c5 14. Rab1 Rac8 15. bxc5 dxc5 16. d5 h6 17. Bf4 exd5 18. exd5 Bd6 19. Bxd6 Rxd6 20. Nb5 Rdd8 21. Nxa7 Ra8 22. Nb5 Qe4 23. Qxe4 Nxe4 24. Nd2 Nd6 25. Nxd6 Rxd6 26. Ne4 1-0

[Event "HUN-chT2 Barcza 1314"]
[Site "Hungary"]
[Date "2013.09.22"]
[Round "2"]
[White "Jakab, Kincso"]
[Black "Radai, Zoltan Mate"]
[Result "1-0"]
[WhiteElo "1693"]
[BlackElo "1645"]
[PlyCount "67"]
[EventDate "2013.09.08"]
[EventType "team-tourn"]
[EventRounds "11"]
[EventCountry "HUN"]
[SourceTitle "EXT 2016"]
[Source "ChessBase"]
[SourceDate "2015.10.08"]
[SourceVersion "1"]
[SourceVersionDate "2015.10.08"]
[SourceQuality "1"]
[WhiteTeam "Debrecen Sakkiskola"]
[BlackTeam "Nyiregyhaza"]
[WhiteTeamCountry "HUN"]
[BlackTeamCountry "HUN"]

1. e4 c5 2. c4 d6 3. Nc3 Nf6 4. g3 Nc6 5. Bg2 e5 6. b3 Be6 7. d3 Nd7 8. Nge2 Be7 9. 0-0 0-0 10. f4 exf4 11. Nxf4 Nde5 12. a3 a5 13. Be3 Bg5 14. Ncd5 Bxd5 15. cxd5 Ne7 16. Qe2 Rb8 17. d4 Nd7 18. Qb5 b6 19. b4 Rb7 20. bxc5 dxc5 21. dxc5 Rb8 22. c6 Ne5 23. Rac1 Qc7 24. Rfd1 Rfd8 25. Rf1 Nc8 26. Bd4 Bf6 27. Qb2 Re8 28. Rfd1 Nd6 29. Nh5 Bg5 30. Rb1 Ndc4 31. Qc3 f6 32. Nf4 Qd6 33. a4 Qe7 34. Ne6 1-0